000 01822nam a2200433 i 4500
001 196055
003 ES-MaACL
005 20250428063010.0
008 240810s2017 sp a | |||| 001 0 spa
015 _aMON17
017 _aB 3542-2017
_bOficina Depósito Legal Barcelona
020 _a9788417002107
035 _a(OCoLC)1027699822
035 _a(SpMaBN)a5956847
035 _a991002667219708606
040 _aSpMaBN
_bspa
_cSpMaBN
_erdc
080 _a616-055
100 _aGlezerman, Marek
_9238064
_eaut
240 1 0 _aGender medicine. The Groundbreaking New Science of Gender- and Sex-Related Diagnosis and Treatment
_lEspañol
245 1 0 _aMedicina de género :
_bla nueva revolución de la medicina : el papel del sexo en el diagnóstico y el tratamiento de enfermedades /
_cMarek Glezerman ; prólogo de Amos Oz ; traducción de Jorge Rizzo.
250 _aPrimera edición: abril de 2017
260 _aBarcelona :
_bPlataforma,
_c2017.
300 _a327 p. :
_bil. ;
_c22 cm.
336 _aTexto (visual)
_2isbdcontent
337 _asin mediación
_2isbdmedia
338 _2rdacarrier
_avolumen
490 1 _aPlataforma actual
504 _aBibliografía: p. 291-317. Índice
594 _aTítulo original: Gender medicine. The Groundbreaking New Science of Gender- and Sex-Related Diagnosis and Treatment
650 0 _aEnfermedades-
_xFactores sexuales
_2embne
_9238065
700 _aRizzo, Jorge
_9238066
_etrl
830 0 _9192007
_aPlataforma actual
852 _aES-MaACL
_bR.151866
_cDEPOJ
_jN-9182
_hDonación: Editorial
_xEncuadernación rústica con solapas
_9205087
942 _cMONOGRAFIA
_n0
999 _c196055
_d196055